A professzionális szolgáltatások kérdésköre a tanácsadási területen, kihívások és ráhatások a vállalati környezetben

Bibliographic Details
Main Author: Tóth Balázs
Other Authors: Réthi Gábor
Format: Thesis
Kulcsszavak:Tanácsadás
Kihívások
KPMG
Online Access:http://dolgozattar.uni-bge.hu/6194

MARC

LEADER 00000nta a2200000 i 4500
001 dolg6194
005 20160512163847.0
008 160512suuuu hu om 000 hun d
040 |a BGE Dolgozattár Repozitórium  |b hun 
041 |a hu 
100 1 |a Tóth Balázs 
245 1 2 |a A professzionális szolgáltatások kérdésköre a tanácsadási területen, kihívások és ráhatások a vállalati környezetben  |c Tóth Balázs  |h [elektronikus dokumentum] 
695 |a Tanácsadás 
695 |a Kihívások 
695 |a KPMG 
700 1 |a Réthi Gábor  |e ths 
856 4 0 |u http://dolgozattar.uni-bge.hu/6194/1/szakdolgozat_v1.2.pdf  |z Dokumentum-elérés